[Event "Hamburg-ch int"]
[Site "Hamburg"]
[Date "1999.05.29"]
[Round "8.3"]
[White "Loeffler, Stefan"]
[Black "Ftacnik, Lubomir"]
[Result "0-1"]
[WhiteElo "2385"]
[BlackElo "2585"]
[Annotator "Ftacnik,L"]
[PlyCount "70"]
[EventDate "1999.05.22"]
[EventType "swiss"]
[EventRounds "9"]
[EventCountry "GER"]
[SourceTitle "CBM 072"]
[Source "ChessBase"]
[SourceDate "1999.10.01"]
[SourceVersion "1"]
[SourceVersionDate "1999.10.01"]
[SourceQuality "1"]

1. d4 Nf6 2. c4 g6 3. g3 Bg7 4. Bg2 d5 5. cxd5 Nxd5 6. Nf3 Nb6 7. Nc3 Nc6 8. e3
O-O 9. O-O Re8 10. d5 Na5 11. Nd4 Bd7 12. Nb3 Nbc4 (12... Nxb3 13. Qxb3 (13.
axb3 c6 14. dxc6 Bxc6 15. e4 Qxd1 16. Rxd1 Rad8 17. Be3 Nc8 18. f3 f5 (18... a6
19. Kf2 Nd6 20. Bf1 Nb5 21. Bxb5 axb5 22. Bb6 Rxd1 23. Rxd1 Bxc3 24. bxc3 Ra8
25. Bc5 Kf8 {1/2-1/2 Jussupow,A-Stohl,I/BL9596/1996/ (65)}) 19. exf5 gxf5 20.
Kf2 a6 21. Bf1 e6 22. Bc5 {1/2-1/2 Jussupow,A-Kasparov,G/Belgrade 1989/ (22)})
13... e6 (13... c6 14. dxc6 Bxc6 15. Rd1 Qc8 16. e4 Bd7 17. Bf4 Bg4 (17... Bxc3
$1 18. Rdc1 Na4 19. bxc3 Nc5 20. Qc2 Bc6 $11) 18. Rdc1 Qc4 19. e5 Be6 20. Qa3
Rab8 21. Bf1 {1/2-1/2 Maric,A-Xie Jun/Groningen/1997/ (40)}) 14. e4 a5 15. Be3
(15. a4 Qe7 $1 {/\ Qb4<=>} 16. Nb5 Bxb5 17. axb5 $2 (17. Qxb5 Qb4 18. Qxb4 axb4
19. a5 Nc4 20. Ra4 $10) 17... a4 $1 $36 18. Qd3 $8 Qb4 {/\ Bb2} 19. Rb1 exd5 {
1/2-1/2 Ross,D-Stohl,I/New Westminster/1993/ (26)}) 15... a4 16. Qb4 Bf8 17.
Bc5 Bxc5 18. Qxc5 e5 (18... exd5 19. exd5 Nc8 $13) 19. Rac1 Qf6 20. Nb1 Rec8
21. Nd2 Qd6 {1/2-1/2 Cvitan,O-Azmaiparashvili,Z/Pula 1997/ (31)}) (12... Nac4
13. Nd4 Rc8 14. b3 Na5 15. Bb2 c5 16. Nde2 e6 17. Qd2 exd5 18. Nxd5 Bxb2 19.
Qxb2 Nxd5 20. Bxd5 Qe7 21. Nf4 Rcd8 22. Bg2 Bc6 {0-1 Volodin-Turov/Decin/1998/
(51)}) 13. Nc5 Rc8 14. Qe2 b5 15. a4 b4 16. Nb5 c6 $3 {[%mdl 64] Phantastic
idea, that contradicts the usual logic. Black badly wants to benefit from
underdevelopment of white queenside.} 17. Nxa7 (17. dxc6 Bxc6 18. Rd1 Qb6 19.
Nd7 Bxd7 20. Rxd7 Nb3 21. Rb1 Nca5 $1 $17) 17... Qb6 $1 18. dxc6 (18. Nxd7 Qxa7
19. dxc6 Nd6 20. f4 (20. Qc2 Red8 21. Nc5 Nxc6 22. Nb3 (22. Ne4 Na5 23. Qd3
Ndc4 $15) 22... Na5 23. Qd3 Nf5 24. Nd4 Nxd4 25. exd4 Bxd4 $17) 20... Nxc6 21.
Bxc6 Rxc6 22. Ne5 Rc7 $44) (18. Nxc8 Qxc5 19. Na7 Qxa7 20. dxc6 Be6 $17) 18...
Bxc6 (18... Qxa7 $2 19. cxd7 $18) 19. Nxc6 (19. Bxc6 Nxc6 20. Nxc6 (20. Qxc4 $2
Nxa7 21. Nd7 Qd8 22. Qd5 Rc6 $19) 20... Qxc5 21. Nd4 Red8 $44) (19. Nxc8 $2
Qxc5 $17) 19... Qxc5 20. Nd4 $6 (20. Nxa5 Nxa5 (20... Qxa5 21. Rd1 b3 22. Rd5
Qa7 23. Rb5 Nxb2 24. Rb7 Qa5 25. Rxb3 Nd3 26. Bd2 $16) 21. Rb1 Nb3 22. Qd1 Qc2
$132) 20... e5 (20... Bxd4 21. exd4 Qxd4 22. Rd1 Qf6 $13) 21. Nb5 (21. Nf3 Nb3
22. Rb1 e4 23. Nd4 Bxd4 24. exd4 Nxd4 25. Qd1 Rcd8 $15) 21... Nb3 22. Rb1 Nca5
$1 {White finds out, that it is very difficult for him to develop his piece.} (
22... Nb6 23. Qd1 $1 Qc2 (23... Nxc1 24. Rxc1 Qxc1 25. Qxc1 Rxc1 26. Rxc1 Nxa4
27. b3 $14) 24. Qxc2 Rxc2 25. Be4 Rc5 $15) 23. h4 (23. Rd1 Red8 $1 $19 (23...
Nxc1 24. Rbxc1 Qxc1 25. Rxc1 Rxc1+ 26. Bf1 Rd8 27. Kg2 Rdd1 (27... Nb3 28. Qg4
e4 29. Qxe4 Rxf1 30. Qxb4 Nd2 31. Qe7 $13) 28. Qf3 Rxf1 29. Qa8+ Bf8 30. Qxa5
Rg1+ 31. Kf3 Rc2 $17)) (23. e4 $2 Nxc1 24. Rbxc1 Qxc1 25. Rxc1 Rxc1+ 26. Bf1
Rd8 27. Kg2 Rdd1 $19) 23... Red8 24. Kh2 h5 (24... Qc2 25. Qxc2 Rxc2 26. Be4
Rc4 27. Bg2 Rdc8 28. Nd6 Rxc1 29. Nxc8 Rxc8 $15) 25. g4 (25. e4 Qc2 26. Qxc2
Rxc2 27. Bg5 f6 28. Be3 Nc4 29. Rfd1 Rxd1 (29... Ra8 30. Rd3 Nxe3 31. Rxb3 (31.
Rxe3 Nd2 32. Re2 Rxa4 33. Rd1 Bh6 $17) 31... Ng4+ 32. Kg1 Rxa4 $17) 30. Rxd1
Nxe3 31. fxe3 Rxb2 32. Rd8+ Bf8 33. Nc7 Nc5 34. a5 Kf7 $17) (25. Bh3 Qc2 26.
Qxc2 Rxc2 27. e4 Nc4 $15) 25... hxg4 $6 (25... Qc4 $1 26. Qxc4 Rxc4 27. gxh5
Rxh4+ (27... Rdc8 28. hxg6 Rxc1 29. Rbxc1 Rxc1 30. Rxc1 Nxc1 31. Bd5 $13) 28.
Kg1 Rxh5 $17) (25... Qc2 26. Qxc2 Rxc2 27. gxh5 Rdc8 28. Nd6 R8c5 29. hxg6 fxg6
30. Be4 Rxc1 31. Rbxc1 Rxc1 32. Rxc1 Nxc1 33. Bxg6 $15) 26. Qxg4 Qc2 (26... Qc4
27. e4 $1 $14) 27. Be4 Qc4 28. Rg1 (28. Qg2 $2 f5 $19) 28... Nc5 $2 (28... Rb8
$1 29. Bf5 (29. h5 $2 Nc5 30. hxg6 Nxe4 31. gxf7+ Qxf7 32. Qxe4 Qh5+ 33. Kg2
Rb6 $19) 29... Qxg4 30. Bxg4 e4 $13) 29. Nd6 $1 (29. Bf5 Qxg4 30. Bxg4 Rc6 31.
e4 Nab3 $13) 29... Rxd6 30. Qxc8+ Kh7 (30... Bf8 $5 31. Rg4 (31. f3 Rd1 $1 (
31... Qa2 32. Qxc5 Rd2+ 33. Bxd2 Bxc5 34. h5 $16) 32. Qg4 Rxg1 33. Kxg1 Nab3
$13) 31... Qe2 32. Qf5 Nab3 33. Qf3 Qxf3 34. Bxf3 Nd3 35. Rg1 $16) 31. Rg4 $2 {
[%mdl 8192] In time trouble white misses the best line, he admitted his
calculation had a hole.} (31. f3 $1 Rd1 (31... f5 32. Bxf5 $1 gxf5 33. Qxf5+
Kh8 34. e4 $18) (31... Nxe4 32. Qxc4 Nxc4 33. fxe4 $16) (31... Qe2+ 32. Rg2 Qe1
33. Bd2 Qxh4+ 34. Qh3 Qxh3+ 35. Kxh3 Nxe4 36. Bxb4 $18) 32. h5 (32. Rxd1 Qe2+
33. Kg3 Qxd1 $11) 32... Rxg1 33. Kxg1 Qe2 34. hxg6+ fxg6 35. Qh3+ Bh6 36. Qf1
$18) 31... Qe2 32. Qxc5 $138 (32. Bg2 Nab3 33. h5 (33. Rxb4 e4 $19) 33... Qc2
34. Be4 Qxf2+ 35. Bg2 Qc2 $19) 32... Qxg4 33. Qxd6 (33. Bd5 Qxh4+ 34. Kg2 Nb7
35. Qc4 (35. Bxb7 Rd1 $19) 35... e4 36. Bxe4 Qg4+ 37. Kh2 Rd1 $19) 33... Qxh4+
34. Kg1 Qxe4 35. Bd2 Qxb1+ 0-1

[Event "Brno"]
[Site "Brno"]
[Date "1992.??.??"]
[Round "5"]
[White "Stangl, Markus"]
[Black "Ftacnik, Lubomir"]
[Result "1-0"]
[WhiteElo "2475"]
[BlackElo "2535"]
[Annotator "Ftacnik,L"]
[PlyCount "81"]
[EventDate "1992.08.??"]
[EventType "tourn"]
[EventRounds "9"]
[EventCountry "CZE"]
[EventCategory "11"]
[SourceTitle "CBM 031"]
[Source "ChessBase"]
[SourceDate "1992.12.01"]
[SourceVersion "1"]
[SourceVersionDate "1992.12.01"]
[SourceQuality "1"]

1. d4 Nf6 2. Nf3 g6 3. c4 Bg7 4. g3 O-O 5. Bg2 d5 6. cxd5 Nxd5 7. O-O Nb6 8.
Nc3 Nc6 9. d5 Na5 10. Qc2 Bf5 $6 {N} (10... Bd7 11. Bg5 h6 12. Bf4 c6 13. d6
Nac4 14. dxe7 Qxe7 $10 {Adrian,C-Kjeldsen,J/Lyngby op/1989/}) (10... Nxd5 11.
Rd1 c6 12. Ne1 $1 Bd7 (12... Qe8 13. Bxd5 cxd5 14. Nxd5 Bf5 15. e4 Rc8 16. Qd2
Nc4 17. Qb4 Bxe4 18. Nxe7+ Kh8 19. Nxc8 Qxc8 20. Bg5 $16 {Sulava,N-Popovic,P/
Jugoslavija/1990/}) (12... Be6 13. e4 Bg4 {Sulava,N-Peshina,G/Budapest op/1990/
} 14. Rd3 $18) 13. Nxd5 cxd5 14. Rxd5 e6 15. Bg5 f6 16. Rd3 fxg5 17. Rad1 Qb6
$13) 11. e4 Bg4 12. Bf4 c6 (12... Bxf3 13. Bxf3 c6 14. b4 Nac4 15. dxc6 bxc6
16. Rad1 Qc8 $14) 13. Ne5 $1 Qc8 (13... Bxe5 14. Bxe5 cxd5 15. exd5 $16) (13...
Bc8 14. b4 Nac4 15. Nxc4 Nxc4 16. Rad1 $16) (13... g5 14. Nxg4 gxf4 15. gxf4
cxd5 16. exd5 Qc8 17. Bh3 $16) 14. Nxg4 Qxg4 15. Rad1 Rfe8 $6 (15... cxd5 16.
Nxd5 Nc6 17. h3 Qc8 18. Qxc6 $1 $18) (15... Rac8 16. d6 exd6 17. Bxd6 Rfe8 18.
b3 $16) (15... Qc8 $5) 16. b3 $1 cxd5 17. exd5 Rac8 18. Rd3 (18. Qe2 Qxe2 19.
Nxe2 Rc2 20. Rd2 Rec8 21. Rfd1 $16) 18... e5 19. dxe6 (19. Bd2 e4 20. Re3 Nxd5)
19... Qxe6 (19... fxe6 20. Qd2 e5 21. Be3 Nc6 22. Ne4 $16) 20. Qd2 (20. Re3 Qd7
21. Rd1 Rxe3 22. Rxd7 Re1+ 23. Bf1 Nxd7 $132) 20... Nc6 21. Nb5 $1 Re7 22. Rc1
Be5 (22... a6 23. Nd6 Rd8 24. Nxb7 Rxd3 25. Qxd3 Rxb7 26. Bxc6 $18) 23. Nd6 $2
(23. Bxe5 Qxe5 (23... Nxe5 24. Rxc8+ Nxc8 25. Rd8+ Kg7 26. Nd4 $18) 24. Nd6 Rd8
25. Nxb7 Rxd3 26. Qxd3 Nd4 27. Kh1 $18) 23... Bxf4 24. gxf4 Rd8 25. Nxb7 Rxd3
26. Qxd3 Nb4 27. Qd4 N4d5 $2 (27... Nxa2 $1 28. Ra1 Rd7 29. Qb2 Nb4 30. Nc5 Nd3
$1) 28. Nc5 Qg4 29. Nd3 Re2 30. h3 Qe6 (30... Qf5 31. Bxd5 $1 Nxd5 (31... Qxd5
32. Rc8+ Nxc8 33. Qxd5 $18) 32. Rc5 Qxh3 33. Rxd5 $18) 31. Rc5 Ne7 32. Re5 Rxe5
33. Nxe5 (33. fxe5 $18) 33... Nf5 34. Qd8+ Kg7 35. Qc7 Nd4 36. Qxa7 Ne2+ 37.
Kh2 Nxf4 38. Nxf7 $1 Nd7 (38... Qxf7 39. Qxb6 Ne2 40. Qb7 $18) 39. Qd4+ Kxf7
40. Qxf4+ Ke7 41. Qe4 {Ftacnik,L} 1-0

[Event "EU-chT (Men) 13th"]
[Site "Leon"]
[Date "2001.11.13"]
[Round "7.3"]
[White "Mamedyarov, Shakhriyar"]
[Black "Sutovsky, Emil"]
[Result "0-1"]
[WhiteElo "2503"]
[BlackElo "2664"]
[Annotator "Ftacnik,L"]
[PlyCount "72"]
[EventDate "2001.11.06"]
[EventType "team-swiss"]
[EventRounds "9"]
[EventCountry "ESP"]
[SourceTitle "CBM 086"]
[Source "ChessBase"]
[SourceDate "2002.02.05"]
[SourceVersion "1"]
[SourceVersionDate "2002.02.05"]
[SourceQuality "1"]
[WhiteTeam "Azerbaijan"]
[BlackTeam "Israel"]
[WhiteTeamCountry "AZE"]
[BlackTeamCountry "ISR"]

1. d4 Nf6 2. c4 g6 3. Nf3 Bg7 4. g3 d5 5. cxd5 Nxd5 6. Bg2 Nb6 7. O-O Nc6 8. e3
O-O 9. Nc3 Re8 10. Qe2 e5 11. dxe5 Nxe5 12. Nxe5 Bxe5 13. Rd1 Qe7 14. e4 c6 15.
Be3 Be6 16. f4 Bxc3 17. bxc3 f5 18. e5 (18. exf5 Bc4 $19) (18. Qf2 fxe4 19.
Bxb6 axb6 20. Bxe4 b5 21. Re1 $11) 18... Qa3 $1 {Sutovsky plays actively to
compensate for the white's bishops pair.} (18... Nd5 19. Rd3 $14) 19. Bd4 (19.
Qf2 Qxc3 (19... Na4 20. Rdb1 Re7 21. Bxa7 Qxc3 22. Bd4 $14) 20. Bxb6 axb6 21.
Qxb6 Re7 (21... Rxa2 22. Rxa2 Bxa2 23. Qxb7 Qe3+ 24. Kh1 c5 $11) 22. a4 Qa5 $11
) 19... Rad8 20. Qf2 $6 (20. Bxb6 axb6 21. Rd3 Bc4 22. Rxd8 Qc5+ 23. Qf2 Qxf2+
24. Kxf2 Rxd8 25. a4 $11) 20... Na4 21. Bxa7 (21. c4 c5 (21... Bxc4 22. Qc2 Bd5
23. Bxd5+ Rxd5 24. Qb3 Qxb3 25. axb3 Nb6 26. Bxb6 axb6 27. Rxd5 cxd5 28. Ra7
Rb8 29. Kf2 $11) 22. Be3 b6 23. Rxd8 Rxd8 24. Bf1 Qb2 $15) 21... Rxd1+ 22. Rxd1
Nxc3 23. Ra1 (23. Re1 Qxa2 24. Qxa2 Bxa2 25. Bd4 Nb5 $15) 23... Rd8 24. Kh1 $2
{Wrong moment for hesiatition, as white was already fighting with problems.} (
24. Bb6 Ra8 25. Qc2 Bd5 $15) 24... Ne4 25. Qe3 (25. Bxe4 fxe4 26. Bb6 Qc3 $1
27. Re1 (27. Bxd8 Qxa1+ 28. Qg1 Qxa2 $19) 27... Rd2 28. Re2 e3 29. Qxe3 Bd5+
30. Kg1 Rd3 $19) (25. Qg1 Rd2 $17) 25... Qb2 26. Qc1 (26. Qg1 Bd5 27. Re1 c5
$19) 26... Qxc1+ 27. Rxc1 Ra8 28. Bb6 (28. Bd4 Rxa2 29. Kg1 Bd5 $17) 28... Rxa2
{It becomes obvious, that white has lost the strategical fight and faces
gradual annihilation.} 29. Kg1 (29. Bxe4 fxe4 30. Kg1 Kf7 31. Re1 Bd5 32. Re3
Ke6 33. h3 g5 $19) 29... Bd5 30. g4 (30. Bxe4 Bxe4 31. e6 Rg2+ 32. Kf1 Rxh2 $19
) 30... Nf6 (30... fxg4 31. Re1 Nc3 $19) 31. exf6 Rxg2+ 32. Kf1 fxg4 33. Ra1
Rxh2 34. Ra8+ Kf7 35. Bd4 g3 36. Rb8 (36. Rc8 g2+ 37. Ke1 Rh1+ $19) 36... c5
0-1

[Event "Moscow Aeroflot op-A"]
[Site "Moscow"]
[Date "2004.02.22"]
[Round "6"]
[White "Tkachiev, Vladislav"]
[Black "Kudrin, Sergey"]
[Result "1-0"]
[WhiteElo "2642"]
[BlackElo "2565"]
[Annotator "Ftacnik,L"]
[PlyCount "73"]
[EventDate "2004.02.17"]
[EventType "swiss"]
[EventRounds "9"]
[EventCountry "RUS"]
[SourceTitle "CBM 100"]
[Source "ChessBase"]
[SourceDate "2004.06.01"]
[SourceVersion "1"]
[SourceVersionDate "2004.06.01"]
[SourceQuality "1"]

1. c4 g6 2. Nf3 Bg7 3. d4 Nf6 4. g3 d5 5. cxd5 Nxd5 6. Bg2 Nb6 7. Nc3 Nc6 8. e3
O-O 9. O-O Re8 10. Re1 a5 11. d5 Bxc3 12. bxc3 Nxd5 {Kudrin doesn't believe,
that white has more than pale compensation for the sacrificed pawn.} (12...
Qxd5 13. Nd4 Qc4 14. Nxc6 bxc6 15. Qd4 Rb8 16. Ba3 e5 17. Qc5 Qxc5 18. Bxc5 e4
19. Red1 Na4 20. Ba7 Rb7 21. Bd4 f5 {1/2-1/2 Jobava,B-Timofeev,A/Dubai 2003/ 
(61)}) 13. Qb3 (13. Nd4 $5 Ne5 (13... Nxc3 $2 14. Qb3 Nxd4 15. exd4 Qxd4 16.
Bb2 $16) 14. Qb3 Nb6 15. Rd1 $13) 13... a4 14. Qc2 Nb6 (14... e5 15. e4 Nb6 $13
) 15. c4 Bf5 (15... e5 16. c5 Nd7 17. e4 Qe7 18. Be3 Ra5 19. Rac1 $13) 16. e4 (
16. Qc3 Qd3 $15) 16... Bg4 17. c5 Bxf3 18. Bxf3 (18. cxb6 Bxg2 19. bxc7 Qxc7
20. Kxg2 b5 $17) 18... Nd4 19. Qc3 Nxf3+ 20. Qxf3 Nd7 21. Qc3 (21. Rd1 Qc8 22.
Bb2 Ra6 23. Qd3 $13) 21... Nb8 (21... e5 22. Rd1 Qe7 23. c6 bxc6 24. Qxc6 Nb6
25. Be3 $11) 22. Rb1 Ra7 (22... Qc8 23. Bh6 e5 24. Qf3 Nd7 25. Be3 $15) 23. c6
$5 {[%mdl 1024] Tkachiev uses every trick in the book to get some activity.}
bxc6 (23... Nxc6 24. Be3 Ra6 25. Rxb7 Qd6 26. a3 $11) (23... b6 24. Bf4 Qc8 25.
Rbc1 $15) 24. Be3 Ra8 25. e5 $6 {Not a nice move, since white pawn lands on
the same colour as his bishop.} (25. Red1 Qc8 26. Rb4 $44) 25... Qd5 $1 26. e6
(26. a3 Nd7 $17) 26... f6 (26... fxe6 27. Rbd1 $1 (27. Bh6 e5 28. Rxe5 Qxa2 29.
Rbe1 Qf7 30. R5e4 Nd7 31. Qxc6 Nb6 $17) 27... Qf3 28. Rd3 Qf7 29. Bh6 Qf6 30.
Qc4 Ra5 31. Rxe6 Qf7 32. Rf3 Rf5 33. Rxf5 gxf5 34. g4 $14) (26... Qxa2 27. Bh6
f6 28. Rb4) 27. Bh6 Qxa2 28. Rb4 Qd5 (28... c5 29. Rf4 Nc6 30. Qxc5 (30. Rxf6
exf6 31. Qxf6 Re7 $19) 30... Ne5 31. Re3 Qxe6 $19) 29. Rf4 Qh5 {White's
activity is not very pleasant, but black has many extra pawns and enough
defensive resources.} (29... Qa5 $5 30. Qa1 a3 31. Rxf6 Qxe1+ 32. Qxe1 exf6 33.
Bc1 a2 34. Bb2 c5 35. Bxf6 Nc6 $19) 30. Rh4 Qa5 31. Qc1 g5 $6 (31... a3 32. Bd2
(32. Bg7 g5 $19) 32... Qd5 33. Bc3 Qg5 34. Qc2 c5 35. Ra4 Nc6 36. Qe4 Rxa4 37.
Qxa4 Qd5 38. Qxa3 Nd4 $19) 32. Rc4 Qf5 (32... Rd8 33. Rc5 Qd2 34. Qa1 Rd5 35.
Rxd5 cxd5 36. h4 Nc6 37. Rd1 Qc2 38. Rxd5 Ne5 $19) 33. h4 Ra5 (33... a3 34.
hxg5 a2 35. Qa1 Qg6 36. Rg4 f5 37. Rc4 $11) 34. hxg5 fxg5 $2 {The final
mistake, as now the exchange is gone and black is simply lost.} (34... Qg6 35.
gxf6 exf6 36. Bf4 $11) 35. Qc3 Qg6 36. Qxa5 Qxh6 37. Rg4 1-0

[Event "Warsaw zt-playoff"]
[Site "Warsaw"]
[Date "1990.??.??"]
[Round "?"]
[White "Wojtkiewicz, Aleksander"]
[Black "Stohl, Igor"]
[Result "1/2-1/2"]
[WhiteElo "2550"]
[BlackElo "2530"]
[Annotator "Ftacnik,L"]
[PlyCount "52"]
[EventDate "1990.??.??"]
[EventType "tourn"]
[EventRounds "4"]
[EventCountry "POL"]
[EventCategory "10"]
[SourceTitle "CBM 017"]
[Source "ChessBase"]
[SourceDate "1990.08.01"]
[SourceVersion "1"]
[SourceVersionDate "1990.08.01"]
[SourceQuality "1"]

1. Nf3 Nf6 2. c4 g6 3. d4 Bg7 4. g3 O-O 5. Bg2 d5 6. cxd5 Nxd5 7. O-O Nb6 8.
Nc3 Nc6 9. d5 Na5 10. e4 c6 11. Bg5 h6 12. Bf4 cxd5 13. exd5 Nac4 14. Qe2 g5 (
14... e5 {N} 15. dxe6 Bxe6 {1/4-1/4/Wojtkiewicz,A-Stohl,I/Stara Zagora zt-B/
1990/ -> CBM 17}) 15. Bc1 e6 (15... Bg4 16. h3 Bh5 17. Rd1 $1 {N} Rc8 18. g4
Bg6 19. Nd4 Qd7 20. b3 Nd6 21. Bb2 Rfe8 22. a4 a5 23. Rac1 $16 {Stangl,
M-Luecke,N/Altensteig/1989/ -> CBM 14}) 16. dxe6 Bxe6 17. Rd1 (17. h4 g4 18.
Nh2 Qc8 $13) 17... Qc8 18. h4 {N} (18. Nd4 $6 Bg4 19. Bf3 Bh3 $1 20. Nd5 Nxd5
21. Bxd5 Rd8 22. Nc6 bxc6 23. Bxc4 Qf5 $17 {Hjartarson,J-Popovic,P/Beograd/
1989/ -> CBM 16}) 18... Re8 (18... Bg4 19. hxg5 Ne5 $44 {Popovic,P}) 19. hxg5
hxg5 20. Bxg5 Nxb2 $1 21. Qxb2 Qxc3 22. Qxc3 Bxc3 23. Rac1 Rac8 24. Nd4 Bg4 25.
Rd3 Bxd4 26. Rxc8 Bxf2+ {Ftacnik,L} 1/2-1/2

[Event "Jakarta"]
[Site "Jakarta"]
[Date "1994.??.??"]
[Round "12"]
[White "Tkachiev, Vladislav"]
[Black "Xie, Jun"]
[Result "1-0"]
[WhiteElo "2510"]
[BlackElo "2515"]
[Annotator "Ftacnik,L"]
[PlyCount "91"]
[EventDate "1994.04.??"]
[EventType "tourn"]
[EventRounds "13"]
[EventCountry "INA"]
[EventCategory "10"]
[SourceTitle "CBM 041"]
[Source "ChessBase"]
[SourceDate "1994.08.01"]
[SourceVersion "1"]
[SourceVersionDate "1994.08.01"]
[SourceQuality "1"]

1. c4 Nf6 2. Nf3 g6 3. g3 Bg7 4. Bg2 O-O 5. O-O d5 6. cxd5 Nxd5 7. d4 Nb6 8.
Nc3 Nc6 9. e3 Re8 10. h3 a5 (10... e5 11. d5 Na5 12. e4 c6 13. Re1 cxd5 14.
Nxd5 (14. exd5 f5 $6 15. Bg5 Qd6 16. Rc1 Bd7 17. b3 Rac8 18. Qd2 e4 19. Nd4
Nac4 $2 20. bxc4 Nxc4 21. Qd1 $1 Nb2 22. Qb3 Nd3 23. Ncb5 $1 Qb6 24. d6+ $16 {
Greenfeld,A-Mestel,AJ/Beer-Sheva/1988/1-0 (34)}) 14... Nxd5 15. exd5 e4 16. Ng5
f5 17. d6 Be6 18. Nxe6 Rxe6 19. Qd5 Kf7 20. g4 Be5 21. gxf5 gxf5 22. f4 Bf6 23.
Qxf5 Rxd6 24. Qxh7+ $16 {Voiska,M-Falkos,A/Katerini GP (06)/1993/1-0 (32)}) 11.
d5 (11. Rb1 a4 12. Ne1 Bf5 13. e4 Bd7 14. Nc2 e5 15. dxe5 Nxe5 16. f4 Nec4 17.
Qf3 Qe7 18. b3 axb3 19. axb3 Qc5+ 20. Kh2 Nd6 21. e5 Nb5 22. Nxb5 Bxb5 23. Rf2
Bc6 $1 24. Qe3 $10 {Speelman,J-Short,N (10)/London cm/1991/0-1 (59)}) 11... Nb4
12. e4 c6 (12... e6 13. a3 Na6 14. Bg5 Qd7 15. Re1 h6 16. Bf4 e5 17. Be3 Nc4
18. Bc1 Nc5 19. b3 Nd6 20. Bb2 f5 21. Nh4 Qf7 22. exf5 g5 23. b4 axb4 24. axb4
$17 {Prakken-Khalifman,A/Sevilla op (2)/1993/0-1 (32)}) 13. a3 Na6 14. dxc6 (
14. Be3 Nc4 15. Bd4 e5 16. dxe6 Bxe6 17. Bxg7 Kxg7 18. Qe2 Nc5 19. Rad1 Qb6 20.
Ng5 Ne5 21. Nxe6+ Nxe6 22. Kh1 Nd4 23. Qe3 Rad8 24. Na4 $13 {Farago,S-Fogarasi,
T/Budapest ExpFS AugGM (09)/1993/0-1 (54)}) 14... Qxd1 (14... bxc6 15. Qc2 (15.
Qxd8 Rxd8 16. Bg5 Nc4 $1 $132 17. Rad1) 15... Rb8 16. Rd1 $14) 15. Rxd1 bxc6
16. Rb1 Rb8 17. Nd4 Bd7 18. b3 $14 e5 (18... c5 19. Nde2 Red8 20. Bg5 $14) 19.
Nf3 Be6 (19... Red8 20. Be3) 20. Be3 Na8 (20... Nc8 21. Bf1 Nc7 22. Bc4 Bxh3
23. Bxf7+ Kxf7 24. Ng5+ $14) 21. Rd6 Rxb3 (21... Rec8 22. Bf1 N6c7 23. Rxc6 $14
) 22. Rxc6 (22. Rxb3 Bxb3 23. Rxc6 N6c7) 22... Nb8 23. Rc5 a4 (23... Rxa3 $5
24. Nb5 Rd3 $1 (24... Rb3 25. Rxb3 Bxb3 26. Nd6 Rd8 27. Nb7 Rd1+ 28. Kh2 Be6
29. Rxa5 Nc7 30. Nxe5 $16) 25. Bf1 Rdd8 26. Nc3 $10) 24. Rb5 Nc7 (24... Rxc3
25. Rxb8 Rf8 26. R1b4 $16) 25. R5xb3 axb3 (25... Bxb3 26. Nd2 $16) 26. Ng5 Bc4
27. Bf1 Bxf1 28. Kxf1 h6 29. Nf3 Ne6 30. Nd2 Nc6 (30... Nd4 31. Nxb3 $16) 31.
Nxb3 Bf8 32. a4 Ra8 33. Ra1 Nb4 (33... Ned4 34. Bxd4 exd4 35. Nd5 d3 36. Ke1
$16) 34. Bb6 Nc2 35. Ra2 Nb4 36. Rb2 Nc6 37. a5 Ned4 (37... Bb4 38. Nd5 Bxa5
$140 $2 39. Nxa5 Nxa5 40. Ra2 $18) 38. Nxd4 exd4 39. Nd5 d3 40. Ke1 f5 41. exf5
Bg7 42. Rb5 (42. f6 $16) 42... Ne5 (42... gxf5 43. Kd2 $16) 43. Kd2 gxf5 44.
Bc7 Kf7 45. Bxe5 Bxe5 46. Nb6 (46. Nb6 Re8 47. Nc4 Bc7 48. Rxf5+ $18) 1-0

[Event "Abu Dhabi op 13th"]
[Site "Abu Dhabi"]
[Date "2003.08.23"]
[Round "7"]
[White "Jobava, Baadur"]
[Black "Vakhidov, Tahir"]
[Result "1-0"]
[WhiteElo "2596"]
[BlackElo "2528"]
[Annotator "Ftacnik,L"]
[PlyCount "81"]
[EventDate "2003.08.16"]
[EventType "swiss"]
[EventRounds "9"]
[EventCountry "UAE"]
[SourceTitle "CBM 097"]
[Source "ChessBase"]
[SourceDate "2003.11.11"]
[SourceVersion "1"]
[SourceVersionDate "2003.11.11"]
[SourceQuality "1"]

1. d4 Nf6 2. c4 g6 3. g3 Bg7 4. Bg2 d5 5. cxd5 Nxd5 6. Nf3 Nb6 7. O-O Nc6 8.
Nc3 O-O 9. d5 Na5 10. Qc2 c6 11. dxc6 Nxc6 12. Rd1 Bf5 13. e4 Bd7 14. Be3 Qc8
15. Rac1 Nc4 16. Bc5 $146 {[%mdl 8] Jobava is trying to prove some advantage
in the well known line, that was seen as not so dangerous for black.} b6 17.
Bd4 Nxd4 (17... e5 18. Nd5 exd4 19. Qxc4 Qd8 20. b4 $14) 18. Nxd4 Bg4 (18...
Qe8 19. b3 e5 20. Nde2 Na5 21. Nd5 $14) 19. Nce2 (19. Rd3 Ne5 20. Rd2 Rd8 21.
Nd5 Qxc2 22. Rcxc2 e6 23. f4 $11) 19... Bxd4 (19... Rd8 20. e5 (20. f3 Be6 21.
Nxe6 Rxd1+ 22. Qxd1 Qxe6 23. Nf4 Qd6 24. Qxd6 Nxd6 $11) 20... Nxe5 21. Qb1 Qa6
22. Bxa8 Rxa8 23. Qe4 $14) 20. Rxd4 Ne5 21. Nc3 (21. Qa4 Qb8 22. Nc3 Rc8 $13)
21... Qc5 $2 {This obvious provocation comes in a wrong moment, white pieces
are preapred to use their attacking potential.} (21... Rd8 22. Rd5 (22. Nd5
Qxc2 23. Rxc2 e6 24. f4 exd5 25. fxe5 dxe4 $11) 22... Nf3+ 23. Bxf3 Bxf3 24.
Qd3 Rxd5 25. exd5 $14) 22. Rd5 Qc7 23. f4 Nf3+ (23... Nd7 24. Rd2 Qc5+ 25. Kh1
Qh5 26. Nd5 e5 27. Qc7 $16) 24. Kh1 (24. Bxf3 Bxf3 25. Rd3 Bg4 (25... Qc5+ 26.
Qf2 Qxf2+ 27. Kxf2 Bg4 28. Nd5 Kg7 29. Nxe7 $16) 26. Nd5 Qxc2 27. Nxe7+ Kg7 28.
Rxc2 Rfe8 29. Rc7 Kf8 30. Nd5 $16) 24... e5 (24... Rfd8 25. Qf2 $18) 25. Qf2
Nd4 26. Rxe5 $6 {Positionally very good move, but in this very moment 26.fxe5!
was nearly winning for white.} (26. fxe5 $1 Nc6 (26... Ne6 27. h3 $18) 27. Nb5
Qb7 28. Nd6 Qc7 29. Qc2 Bd7 30. Nb5 Qb7 31. Rxd7 Qxd7 32. Qxc6 $18) 26... Rad8
27. Qe3 f6 28. Rd5 Nc6 (28... Ne6 29. h3 $18) 29. e5 (29. Nb5 Qb7 30. e5 Bh3
31. Bxh3 Ne7 32. Be6+ Kh8 33. Nd6 Nxd5 34. Qe4 $18) 29... fxe5 (29... Ne7 30.
Nb5 Qb8 31. Rxd8 Qxd8 32. Nxa7 $18) 30. Rxd8 (30. Nb5 Qf7 31. Nd6 exf4 32. Nxf7
fxe3 33. Rxd8 Nxd8 34. Nh6+ Kg7 35. Nxg4 $18) 30... Nxd8 31. Nd5 Qg7 (31...
exf4 $2 32. Ne7+ Kf7 33. Qb3+ Be6 34. Rxc7 Bxb3 35. axb3 $18) 32. fxe5 {
Black has not a trace of compensation for his suffering in worse position
without a pwn.} Be6 33. Nf6+ Kh8 34. h4 Qe7 (34... Bf5 35. b4 $16) (34... Bxa2
35. b3 Nf7 36. Rc7 $18) 35. Qh6 Qg7 36. Qxg7+ Kxg7 37. a3 h6 38. Kg1 g5 39.
hxg5 hxg5 40. Kf2 Kg6 41. Ke3 1-0